| 000 | 00470nam a2200157 a 4500 | ||
|---|---|---|---|
| 005 | 20140311163002.0 | ||
| 008 | 030415s19uu xx 00 eng d | ||
| 020 | _a0717246779 | ||
| 050 |
_aPE 1625 _b.N535 1995 |
||
| 245 | _aThe new Lexicon Webster's dictionary of the English language / | ||
| 260 |
_aNew York : _bLexicon Publications Inc., _c1995. |
||
| 300 |
_a1149 p. : _c28 cm. |
||
| 650 |
_aDictionaries _xEnglish Language. |
||
| 942 |
_cBK _2lcc |
||
| 999 |
_c39230 _d39230 |
||